000 00789nam a2200217Ia 4500
005 20241129110056.0
008 241129s9999||||xx |||||||||||||| ||und||
020 _a9789391123550
037 _aTB
040 _aARTS
_bhin
_cARTS
041 _ahin
_2hin
084 _aNA44,8 152R3
_qARTS
100 _aकेवलिया, शुभम्, ले.
245 0 _aकलिंग एवं द्रविड़ स्थापत्य कला
_cकेवलिया, शुभम्, ले.
260 _aदिल्ली, भारत
_bबी. आर. पब्लिशिंग कॉरपोरेशन
_c2023
300 _a98पृ0
365 _aINR
_b1750
650 _aArtsArchitecture-India
942 _cTB
_hNA44,8 152R3
999 _c1227209
_d1227209